| 000 -LEADER |
| fixed length control field |
00965cam a2200253 i 4500 |
| 001 - CONTROL NUMBER |
| control field |
20702991 |
| 005 - DATE AND TIME OF LATEST TRANSACTION |
| control field |
20221105203253.0 |
| 008 - FIXED-LENGTH DATA ELEMENTS--GENERAL INFORMATION |
| fixed length control field |
181009s2019 pau bf 001 0 eng |
| 020 ## - INTERNATIONAL STANDARD BOOK NUMBER |
| International Standard Book Number |
9781975114435 1 |
| 080 ## - UNIVERSAL DECIMAL CLASSIFICATION NUMBER |
| Universal Decimal Classification number |
611 A-25 |
| 100 1# - MAIN ENTRY--PERSONAL NAME |
| Personal name |
Agur, A. M. R., |
| Relator term |
author. |
| 9 (RLIN) |
9465 |
| 245 10 - TITLE STATEMENT |
| Title |
Moore's essential clinical anatomy / |
| Statement of responsibility, etc. |
Anne M.R. Agur, Authur F. Dalley II ; founding coauthor (with Anne M.R. Agur) and coauthor for first to fifth editions, Keith L. Moore. |
| 250 ## - EDITION STATEMENT |
| Edition statement |
Sixth edition. |
| 264 #1 - PRODUCTION, PUBLICATION, DISTRIBUTION, MANUFACTURE, AND COPYRIGHT NOTICE |
| Place of production, publication, distribution, manufacture |
Philadelphia : |
| Name of producer, publisher, distributor, manufacturer |
Wolters Kluwer, |
| Date of production, publication, distribution, manufacture, or copyright notice |
[2019]. |
| 300 ## - PHYSICAL DESCRIPTION |
| Extent |
730 pages ; |
| Dimensions |
28 cm. |
| Other physical details |
ill. |
| 650 12 - SUBJECT ADDED ENTRY--TOPICAL TERM |
| Topical term or geographic name entry element |
Anatomy |
| 9 (RLIN) |
9467 |
| 653 ## - INDEX TERM--UNCONTROLLED |
| keyword |
მედიცინა |
| 653 ## - INDEX TERM--UNCONTROLLED |
| keyword |
ადამიანის ანატომია |
| 655 #2 - INDEX TERM--GENRE/FORM |
| Genre/form data or focus term |
Handbooks |
| 9 (RLIN) |
9468 |
| 700 1# - ADDED ENTRY--PERSONAL NAME |
| Personal name |
Dalley, Arthur F., |
| Titles and other words associated with a name |
II, |
| Relator term |
ავტორი |
| 9 (RLIN) |
9466 |
| 700 1# - ADDED ENTRY--PERSONAL NAME |
| Personal name |
Moore, Keith L. |
| Title of a work |
|
| Relator term |
ავტორი |
| 9 (RLIN) |
9461 |
| 942 ## - ADDED ENTRY ELEMENTS (KOHA) |
| Source of classification or shelving scheme |
|
| Koha item type |
წიგნი |